000 00849nam a2200253 a 4500
001 40813
003 BD-RjUL
005 20211209053301.0
008 160510s1968 us 001 0 eng d
035 _a40928
040 _aBD-RjUL
_beng
_cBD-RjUL
041 _aeng
082 _223
_a325.31
_bSIH 1968
100 1 _aSingham, A. W.
_9125590
245 1 4 _aThe hero and the crowd in a colonial polity /
_cby A.W. Singham.
260 _aNew Haven ;
_aLondon :
_bYale University Press,
_c1968.
300 _axiv, 389 p. :
_bmaps, ports. ;
_c23 cm.
490 1 _aCaribbean series ;
_v12
650 0 _aConstitutional law
_zGrenada
_xHistory.
_9125591
651 0 _aGrenada
_xEconomic conditions.
_9125592
651 0 _aGrenada
_xPolitics and government
_yTo 1974.
_9125593
830 0 _aCaribbean series (New Haven, Conn.) ;
_v12
_9125597
942 _2ddc
_cBK
999 _c40813
_d40813